Bøkene i Bibelen: Det gamle testamente - Statistics

General Stats
  • This quiz has been taken 145 times
    143 since last reset
  • The average score is 19 of 39
Answer Stats
Pentateuk (Torah) % Correct
1. Mosebok (Genesis)
91%
2. Mosebok (Exodus)
91%
3. Mosebok (Leviticus)
89%
4. Mosebok (Numbers)
89%
5. Mosebok (Deuteronomy)
87%
Salmenes bok (Psalms)
72%
Jesaja (Isaiah)
64%
Jobs bok
62%
Daniel
55%
Jeremia (Jeremiah)
55%
Rut (Ruth)
53%
1. Krønikebok
51%
1. Samuelsbok
51%
2. Krønikebok
51%
2. Samuelsbok
51%
Ester
51%
Josva (Joshua)
51%
Dommerne
49%
Esekiel (Ezekiel)
49%
Salomos ordspråk (Proverbs)
47%
1. Kongebok
45%
2. Kongebok
45%
Høysangen (Song of Songs)
45%
Esra (Ezra)
40%
Mika (Micah)
40%
Nehemja (Nehemiah)
40%
Forkynneren/Predikantens bok (Ecclesiastes)
38%
Habakkuk
38%
Klagesangene (Book of Lamentations)
38%
Sakarja (Zachariah)
36%
Sefanja (Zephaniah)
34%
Amos
32%
Joel
32%
Jonas (Jonah)
32%
Malaki (Malachi)
30%
Obadja (Obadiah)
30%
Hosea
28%
Haggai
26%
Nahum
26%
No matching quizzes found
Score Distribution
Percent of People with Each Score
Percentile by Number Answered
Your Score History
You have not taken this quiz since the last reset